| 000 | 01739cac a2200397 i 4500 | ||
|---|---|---|---|
| 003 | EG-ScBUE | ||
| 005 | 20240502101906.0 | ||
| 008 | 150805s2006 nyub f b 001 0 eng d | ||
| 020 | _a1400041511 (alk. paper) | ||
| 020 | _a9781841150086 | ||
| 040 |
_aEG-ScBUE _beng _erda _cEG-ScBUE _dEG-ScBUE |
||
| 043 |
_aaw----- _an-us--- |
||
| 082 | 0 | 4 |
_a956.04 _bFIS _222 |
| 100 | 1 |
_aFisk, Robert, _eauthor. |
|
| 245 | 1 | 4 |
_aThe great war for civilisation : _bthe conquest of the Middle East / _cRobert Fisk. |
| 264 | 1 |
_aNew York : _bRandom House / Alfred A. Knopf, _c2006. |
|
| 300 |
_axxii, 1107 pages : _bmaps ; _c24 cm |
||
| 336 |
_2rdacontent _atext _btxt |
||
| 337 |
_aunmediated _2rdamedia _bn |
||
| 338 |
_avolume _bnc _2rdacarrier |
||
| 504 | _aIncludes bibliographical references and index. | ||
| 590 | _aMohamed Hussein | ||
| 650 | 7 |
_aWar and society _zMiddle East. _2BUEsh |
|
| 651 | 7 |
_aMiddle East _xHistory, Military _y20th century. _2BUEsh _911673 |
|
| 651 | 7 |
_aMiddle East _xHistory, Military _y21st century. _2BUEsh _911674 |
|
| 651 | 7 |
_aMiddle East _xColonization. _2BUEsh |
|
| 651 | 7 |
_aUnited States _xRelations _zMiddle East. _2BUEsh _932320 |
|
| 651 | 7 |
_aMiddle East _xRelations _zUnited States. _2BUEsh _932321 |
|
| 653 |
_bARALIT _cAugust2015 |
||
| 655 |
_vReading book _934232 |
||
| 856 | 4 | 2 |
_3Contributor biographical information _uhttp://www.loc.gov/catdir/enhancements/fy0625/2005049813-b.html |
| 856 | 4 | 2 |
_3Publisher description _uhttp://www.loc.gov/catdir/enhancements/fy0625/2005049813-d.html |
| 856 | 4 | 2 |
_3Sample text _uhttp://www.loc.gov/catdir/enhancements/fy0625/2005049813-s.html |
| 856 | 4 | 2 |
_3Table of contents only _uhttp://www.loc.gov/catdir/enhancements/fy0625/2005049813-t.html |
| 942 |
_cBB _2ddc |
||
| 999 |
_c9554 _d9554 |
||